Online
Catalog

Historias que nos conectan del otro lado del mundo : (Record no. 45204)

MARC details
000 -CABECERA
campo de control de longitud fija 00658nam a2200169 a 4500
001 - NÚMERO DE CONTROL
campo de control 000045715
005 - FECHA Y HORA DE LA ÚLTIMA TRANSACCIÓN
campo de control 20201002052413.0
008 - DATOS DE LONGITUD FIJA--INFORMACIÓN GENERAL
campo de control de longitud fija 150430s2009 dr ac 000 0 spa d
020 ## - NÚMERO INTERNACIONAL ESTÁNDAR DEL LIBRO
Número Internacional Estándar del Libro 978994586159
040 ## - FUENTE DE LA CATALOGACIÓN
Centro catalogador/agencia de origen DO-SdBNP
Lengua de catalogación spa
Centro/agencia transcriptor BNPHU
082 ## - NÚMERO DE LA CLASIFICACIÓN DECIMAL DEWEY
Número de clasificación xxxx
Número de documento/Ítem xxxx
100 1# - ENTRADA PRINCIPAL--NOMBRE DE PERSONA
Nombre de persona Venegas, Camilo
9 (RLIN) 58100
245 10 - MENCIÓN DE TÍTULO
Título Historias que nos conectan del otro lado del mundo :
Resto del título el equipo olímpico de tricom en las olimpíadas de Beijing, China /
Mención de responsabilidad, etc. Camilo Venegas ; fotografía Jochy Fersobe... [et. al.].
260 ## - PUBLICACIÓN, DISTRIBUCIÓN, ETC.
Lugar de publicación, distribución, etc. [Santo Domingo] :
Nombre del editor, distribuidor, etc. TRICOM
-- Lourdes Saleme y Asociados,
Fecha de publicación, distribución, etc. 2009.
300 ## - DESCRIPCIÓN FÍSICA
Extensión 124 p. :
Otras características físicas il., retrs. ;
Dimensiones 29 cm.
700 12 - PUNTO DE ACCESO ADICIONAL--NOMBRE DE PERSONA
Nombre de persona Fersobe, Jochy
Término indicativo de función/relación fot.
9 (RLIN) 73769
Holdings
Estado de retiro Estado de pérdida No para préstamo Código de colección Localización permanente Ubicación/localización actual Ubicación en estantería Fecha de adquisición Número de inventario Total de préstamos Signatura topográfica completa Código de barras Fecha visto por última vez Precio válido a partir de Tipo de ítem Koha
    Excluido de préstamo Patrimonio Dominicano Patrimonio Dominicano Patrimonio Dominicano En catalogación 30.04.2015 LF1   xxxx xxxx 45715-10 25.06.2020 25.06.2020 Libro y Folleto Colección Patrimonio Dominicano

Powered by Koha